| Registos Bibliográficos associados ao registo de autoridade |
|
Etiqueta de registo: 00254nam 2200025 450 001 2284847 003 http://id.bnportugal.gov.pt/bib/catbnp/2284847 010 ## $a978-989-9191-06-8 021 ## $aPT$b524448/23 100 ## $a20260420d2024 m y0pory01030103ba 101 0# $apor 102 ## $aPT 105 ## $aa z 000gy 106 ## $ar 200 1# $aCesse amor - poemas escolhidos$fViolante Montesino$gsel. José Vieira 205 ## $a1ª ed 210 #9 $aAlcobaça$cCarrack,$d2024 215 ## $a107, [8] p.$d19 cm 225 2# $aDescobrir os clássicos.$iPoesia 675 ## $a821.134.3-1"16"$vBN$zpor$3564911 700 #1 $aMontesino,$bViolante,$f1602-1693$31996384 702 #1 $911$aVieira,$bJosé$4220$31948726 801 #0 $aPT$bBN$gRPC 856 41 $uhttp://rnod.bnportugal.gov.pt/ImagesBN/winlibimg.aspx?skey=&doc=2284847&img=223449&save=true 966 ## $lBN$mFGMON$sL. 124056 P.$x1 971 ## $corlando$d20260420 973 ## $csteixeira$d20260616 974 ## $e0$d20260623$vrsimoes
|
|
|